Holiday Quiz

Random Holiday or Clickable Quiz

Father's Day Jokes Quiz Stats

 Plays Quiz Updated Jun 19, 2016

Also try: Sports Puns
Challenge
Share
Tweet
Embed
Score 0/18 Timer 05:00
1 Play Today
% Correct
Bison
94.3%
History was called current affairs
94%
Cliff
93.8%
You spend too much time on the web
93.6%
He didn't want to make a rash decision
93.6%
Because her father was a wafer so long
93.6%
I don't know, Son. I'm still paying for it
93.5%
It’s a chirp off the old block
93.5%
Data
93.3%
% Correct
He can stop anytime
93.2%
Popsicle
93%
They can tell when they’re really in trouble
92.5%
I can't afford to move out yet
92.3%
Catch-up
92.1%
This is her husband
92%
I was good for nothing
91.6%
Attire
90%
They have guests
86.5%

You're not logged in!

Compare scores with friends on all Sporcle quizzes.
OR
Log In

You Might Also Like...

Show Comments

Extras

Top Quizzes Today


Score Distribution

Your Account Isn't Verified!

In order to create a playlist on Sporcle, you need to verify the email address you used during registration. Go to your Sporcle Settings to finish the process.

Report this User

Report this user for behavior that violates our Community Guidelines.

Details: